Growth of the Soil (Record no. 533556)

000 -LEADER
fixed length control field 00218nam a2200109 4500
040 ## - CATALOGING SOURCE
Transcribing agency DLC
082 ## - DEWEY DECIMAL CLASSIFICATION NUMBER
Classification number 839.8236
100 ## - MAIN ENTRY--PERSONAL NAME
Personal name Knut Hamsun
9 (RLIN) 27502
245 ## - TITLE STATEMENT
Title Growth of the Soil
300 ## - PHYSICAL DESCRIPTION
Extent 434p
942 ## - ADDED ENTRY ELEMENTS (KOHA)
Source of classification or shelving scheme
Koha item type Book
Holdings
Withdrawn status Lost status Source of classification or shelving scheme Damaged status Not for loan Permanent Location Current Location Date acquired Total Checkouts Full call number Barcode Checked out Date last seen Date last checked out Price effective from Koha item type
          School of Civil and Environmental Engineering (SCEE) School of Civil and Environmental Engineering (SCEE) 01/13/2020 1 839.8236 NIT-9159 12/11/2025 11/11/2025 11/11/2025 01/13/2020 Book
© 2023 Central Library, National University of Sciences and Technology. All Rights Reserved.